Movies Quiz

Random Movies or Box Office Quiz

Box Office Top 20 (1980s) Quiz Stats

 Plays Quiz Updated Dec 7, 2018

Challenge
Share
Tweet
Embed
Score 0/20 Timer 08:00
4 Plays Today
Year Movie Title % Correct
1982E.T.: The Extra-Terrestrial
75.4%
1983Star Wars VI - Return of the Jedi
73.2%
1980Star Wars V - The Empire Strikes Back
70.3%
1981Raiders of the Lost Ark
59.9%
1984Indiana Jones and the Temple of Doom
54.4%
1985Back to the Future
51.5%
1986Top Gun
45.6%
1989Indiana Jones and the Last Crusade
42.1%
1984Ghost Busters
39%
1989Back to the Future Part II
38.3%
Year Movie Title % Correct
1989Batman
37.8%
1985Rocky IV
31%
1984Beverly Hills Cop
28%
1988Rain Man
26%
1987Beverly Hills Cop II
19.7%
1985Rambo: First Blood Part II
19.6%
1988Who Framed Roger Rabbit
12.3%
1987Fatal Attraction
9.8%
1986Crocodile Dundee
7.2%
1989Look Who's Talking
5.6%

You're not logged in!

Compare scores with friends on all Sporcle quizzes.
OR
Log In

You Might Also Like...

Show Comments

Extras

Top Quizzes Today


Score Distribution

Your Account Isn't Verified!

In order to create a playlist on Sporcle, you need to verify the email address you used during registration. Go to your Sporcle Settings to finish the process.

Report this User

Report this user for behavior that violates our Community Guidelines.

Details: